Az önsorsrontó köznép

Bibliographic Details
Main Author: Barak, László, 1953- (Author)
Format: Article
Language:Hungarian
ISSN:1335-7050
Subjects:

MARC

LEADER 00000nab a2200000 ar4500
001 vtls009625531
003 SK-MaSNL
005 20260318122038.0
008 090708c20090629xo |||||||| 000 b|hun
015 |a SNBRB2009/06  |2 snkbucl 
038 |a SNKBUCL 
040 |a DSZK  |b slo  |c DSZK  |e AACR2 
041 0 |a hun 
044 |a xo  |c SK 
080 |a 32  |x (437.6)  |2 2001 
080 |a 342.5  |x (437.6)  |2 2001 
100 1 |a Barak, László,  |d 1953-  |4 aut  |9 107798 
245 1 3 |a Az önsorsrontó köznép  |c Barak László 
650 0 7 |a štátna moc  |2 SNKPH  |9 319525 
650 0 7 |a politika  |2 SNKPH  |9 968 
651 7 |a Slovensko  |2 snkbucl  |9 14231 
655 7 |a komentáre  |2 SNKPH  |9 70412 
773 0 |t Új szó  |g Évf. 62, sz. 148 (29.6.2009), o. 5  |x 1335-7050 
852 |a SNK  |b KIS3GCP 
852 |a DSZK  |b KIS3GCP 
958 |a HU 
958 |a SK 
999 |c 3182021  |d 3183951